Personnages de fiction en images #3 - Statistiques

Statistiques générales
  • Ce quiz a été pris 232 fois
  • Le résultat moyen est 19 sur 40
Statistiques - réponses
Par images Hint Réponse % Correct
Harry Potter Hermione Granger
97%
Hercule
96%
Pocahontas
89%
Titi
89%
Peppa Pig
87%
Spider-Man Venom
84%
Edward
83%
Looney Tunes Bugs Bunny
81%
Astérix Panoramix
80%
Scooby-Doo Véra Dinkley
79%
Thor Loki
77%
Rick Sanchez
67%
Superman Lex Luthor
53%
Cendrillon Marraine la bonne fée
52%
X-Men Professeur Xavier
51%
Schtroumpf farceur
49%
Death Note L
48%
Rio Blu
44%
Pokémon Jessie
44%
Scènes de ménages Liliane
44%
Star Wars Rey
44%
Julie Lescaut
39%
Les Simpson Milhouse Van Houten
38%
Le Seigneur des anneaux Galadriel
33%
The Witcher Geralt de Riv
32%
Animal Crossing Marie
31%
Là-haut Carl Fredricksen
30%
Intouchables Driss
28%
Vaiana Hei Hei
27%
Avatar Jake Sully
25%
South Park Kyle Broflovski
23%
The Boys Stella
18%
Peaky Blinders Arthur Shelby
16%
How I Met Your Mother Marshall Eriksen
16%
Game of Thrones Walder Frey
15%
Orange Is the New Black Piper Chapman
14%
The Walking Dead Eugène Porter
13%
Bones Temperance Brennan
11%
Le Magicien d'Oz Toto
8%
Community Pierce Hawthorne
3%
Aucun quiz correspondant
Distribution des résultats
% des personnes avec chaque résultat
Percentile par nombre de réponses
Votre historique - résultats
Vous n’avez pas pris ce quiz